000 00875nam a22002537a 4500
005 20100812122138.0
008 081119t xxu||||| |||| 00| 0 ur d
010 _aUR-7686
020 _c300.00
035 _aU-6241
040 _aDPL
_bUR
082 _a840.8
100 _911327
245 _a علامہ شبلی نعمانی /
_cشباب الدین، مرتب
246 _aAllama Shibli Nomani /
_bedited by Shababuddin
260 _aشباب الدین
_c2008
270 _aShababuddin
300 _a399 ص
_c22 س م (Hb)
650 _aتاریخ
_911328
650 _aIndian history
_911329
700 _911462
_aشباب الدین
942 _2ddc
_cUR
_h840.8
_mش ب ل
999 _c41291
_d41291